| 000 | 00460 a2200217 4500 | ||
|---|---|---|---|
| 260 | _aParis | ||
| 630 | _aDroit, législation, administration | ||
| 650 | _aG | ||
| 100 | _aLOMBARD, Paul | ||
| 260 | _bR. Laffont | ||
| 245 | _aLa Crépuscule des juges | ||
| 300 | _a187 p. | ||
| 650 | _aInstitutions judiciaires | ||
| 260 | _c1988 | ||
| 300 | _b22 cm | ||
| 100 | _lFr | ||
| 440 | _aEssais | ||
| 020 | _a2-221-05803-8 | ||
| 999 |
_c37153 _d37153 |
||